Guía del apicultor : utilizable en todas las regiones apícolas del mundo /

Guardado en:
Autor Principal: Philippe, Jean-marie
Formato: Libro
Publicado: Barcelona : Omega, 2008
Materias:
Etiquetas: Agregar Etiqueta
Sin Etiquetas, Sea el primero en etiquetar este registro!
LEADER 02846nam a22001815a 4500
001 CEM.cems017674
005 20110831103412.0
008 130507s2008##################000#0#####d
003 CEMS
020 |a 9788428214698 
082 0 4 |a 638.1 
100 1 |a Philippe, Jean-marie 
245 1 0 |a Guía del apicultor :  |b utilizable en todas las regiones apícolas del mundo /  |c Jean-marie Philippe 
260 |a Barcelona :  |b Omega,  |c 2008 
300 |a 341 p. 
505 0 |a Resumen de la apicultura a lo largo del tiempo -- Especies y razas de abejas -- Area de expansión de Apis mellifera en latitud y altitud -- Instalación de un colmenar -- Conducta general del colmenar -- Reglas básicas para la adecuada conducción de un colmenar -- Reglas y principios específicos para el adecuado cuidado de un colmenar -- Apicultura de trashumancia -- Apicultura sedentaria intensiva -- Control sanitario de las abejas y del colmenar -- Técnicas de cría de reinas -- Técnica de producción de enjambres desnudos o de paquetes de abejas -- Mejora y selección -- Principales plantas nectaríferas y poliníferas -- Polinización de los cultivos por las abejas -- Comporamientos sociales y actividades de las abejas -- Feromonas, los reflejos de las abejas y su base genética -- Los sentidos en las abejas -- División del trabajo en la colmena -- La danza de las abejas -- Mensaje de las antenas y de las patas -- La memoria de las abejas -- Principales actividades de las abejas -- Actividades de las reinas -- Descripción y composición de los productos de las plantas apícolas y de la colmena -- El néctar -- La mielada -- La miel -- El polen -- La cera de las abejas -- El propóleo -- La jalea real -- El veneno de las abejas -- El material apícola -- La colmena -- El material de preparación y mantenimiento del entorno del colmenar -- El material de explotación y de recolección -- La mielería -- El secador de polen -- Recolección, extracción, condicionamiento y comercialización de la miel -- Recolección, secado, condicionamiento y comercialización del polen -- Recolección, fundido y comercialización de la cera -- Recolección, condicionamiento y comercialización del propóleo -- Recolección, condicionamiento y comercialización de la jalea real -- recolección de veneno -- Usos y valores alimentarios y terapéuticos de los productos de la colmena -- Valor de la miel en la alimentación humana y en terapéutica -- Valor del polen en la alimentación humana y terapéutica -- Usos de la cera de abeja -- Valor terapéutico del propóleo -- Valor terapéutico de la jalea real -- Valor terapéutico del veneno de abeja -- Análisis económico de la explotación apícola -- Factores económicos, inversión, gastos e ingresos -- Balance económico 
653 |a Apicultura 
859 |a CEMS  |b BIB. CEMS - Agricultura  |h 638.1  |i P538  |p A1429.11  |t Ej.1